International Journal of Molecular Sciences

Salvato in:
Dettagli Bibliografici
Natura: Periodico
Lingua:inglese
Pubblicazione: Basel MDPI
Tags: Aggiungi Tag
Nessun Tag, puoi essere il primo ad aggiungerne!!

MARC

LEADER 00000nls a2200000 4500
001 0265143
005 20250701092104.9
022 |a 1422-0067 
022 |a 1661-6596 
041 0 |a eng 
044 |a CH 
245 1 0 |a International Journal of Molecular Sciences 
264 1 |a Basel  |b MDPI